Word Ladder: Winter Sights Quiz Stats

 Plays Quiz Updated Oct 18, 2017

Challenge
Share
Tweet
Embed
Score 0/10 Timer 01:00
0 Plays Today
Clue 4-Letter Word % Correct
Use the wind to move a boatSAIL
97.2%
★ Football pass: ___ Mary ★★ HAIL ★
96%
The inner spiritual part of a living beingSOUL
95.2%
Chimney residueSOOT
94%
1/5280th of a mileFOOT
92.8%
DirtSOIL
92.7%
A king's jesterFOOL
90.6%
DisgustingFOUL
90.3%
A spitefully unpleasant personSNOT
46.2%
★ Canadian hip-hop/reggae artist who had a hit with 'Informer' ★ ★ SNOW ★
37.4%

Today's Daily Dose

You're not logged in!

Compare scores with friends on all Sporcle quizzes.
OR
Log In

You Might Also Like...

Show Comments

Extras

Top Quizzes Today


Score Distribution

Your Account Isn't Verified!

In order to create a playlist on Sporcle, you need to verify the email address you used during registration. Go to your Sporcle Settings to finish the process.

Report this User

Report this user for behavior that violates our Community Guidelines.

Details: